<?xml version="1.0" encoding="UTF-8"?><?xml-stylesheet type="text/xsl" href="static/style.xsl"?><OAI-PMH xmlns="http://www.openarchives.org/OAI/2.0/" xmlns:xsi="http://www.w3.org/2001/XMLSchema-instance" xsi:schemaLocation="http://www.openarchives.org/OAI/2.0/ http://www.openarchives.org/OAI/2.0/OAI-PMH.xsd"><responseDate>2026-04-14T03:42:44Z</responseDate><request verb="GetRecord" identifier="oai:www.recercat.cat:2117/388654" metadataPrefix="marc">https://recercat.cat/oai/request</request><GetRecord><record><header><identifier>oai:recercat.cat:2117/388654</identifier><datestamp>2025-07-17T12:09:46Z</datestamp><setSpec>com_2072_1033</setSpec><setSpec>col_2072_452950</setSpec></header><metadata><record xmlns="http://www.loc.gov/MARC21/slim" xmlns:dcterms="http://purl.org/dc/terms/" xmlns:xsi="http://www.w3.org/2001/XMLSchema-instance" xmlns:doc="http://www.lyncode.com/xoai" xsi:schemaLocation="http://www.loc.gov/MARC21/slim http://www.loc.gov/standards/marcxml/schema/MARC21slim.xsd">
   <leader>00925njm 22002777a 4500</leader>
   <datafield ind2=" " ind1=" " tag="042">
      <subfield code="a">dc</subfield>
   </datafield>
   <datafield ind2=" " ind1=" " tag="720">
      <subfield code="a">Delgado Penin, José Antonio</subfield>
      <subfield code="e">author</subfield>
   </datafield>
   <datafield ind2=" " ind1=" " tag="260">
      <subfield code="c">2018</subfield>
   </datafield>
   <datafield ind2=" " ind1=" " tag="520">
      <subfield code="a">Las plataformas aeronáuticas (dirigibles o aeronaves) pilotadas remotamente y volando en la estratosfera vuelven a estar de actualidad. Aquí se presenta el estado actual de las aplicaciones civiles de la tecnología UAS de gran altura (vuelos estratosféricos).Dichas plataformas no tripuladas reciben nombres diversos, tales como HALE (High Altitude Long Endurance), “Pseudo-satélites”, HAPs (High Altitude Platforms) o también “drones de gran altura”. Aquí se comentan aspectos de estas plataformas (aeronaves o globos aerostáticos) para fines civiles; qué peculiaridades poseen; cuál es su historia; cómo se organiza su funcionamiento aéreo-terrestre y, qué ofrecen desde el punto de vista del soporte para servicios civiles que sean factibles económicamente. Se pueden utilizar en emergencias, como es el caso de inundaciones, avenidas, terremotos, fuegos de grandes dimensiones, etc. Son factibles para el control del medio ambiente de grandes extensiones territoriales y, por último, en un futuro control del tráfico: terrestre, ferroviario, marítimo en puertos y, zonas de las doscientas millas. Actualmente hay proyectados servicios (inclusive algunos ya probados) para circunstancias muy concretas y, se han realizado pruebas de viabilidad técnica. En el contexto de lo antedicho se comentan algunos aspectos relacionados con servicios civiles analizados en proyectos europeos ya realizados: casos HELINET y CAPANINA. El presente y el futuro se consideran con datos de los proyectos ZEPHIR, STRATOBUS y ESA. Se concluye con una argumentación de los pros y contras de esta tecnología para usos civiles.</subfield>
   </datafield>
   <datafield ind2=" " ind1=" " tag="520">
      <subfield code="a">Postprint (published version)</subfield>
   </datafield>
   <datafield tag="653" ind2=" " ind1=" ">
      <subfield code="a">Àrees temàtiques de la UPC::Aeronàutica i espai</subfield>
   </datafield>
   <datafield tag="653" ind2=" " ind1=" ">
      <subfield code="a">Àrees temàtiques de la UPC::Enginyeria de la telecomunicació</subfield>
   </datafield>
   <datafield tag="653" ind2=" " ind1=" ">
      <subfield code="a">High altitude platform systems (Telecommunication)</subfield>
   </datafield>
   <datafield tag="653" ind2=" " ind1=" ">
      <subfield code="a">Aeronaus</subfield>
   </datafield>
   <datafield tag="653" ind2=" " ind1=" ">
      <subfield code="a">Dirigibles</subfield>
   </datafield>
   <datafield ind2="0" ind1="0" tag="245">
      <subfield code="a">Estado actual de las aplicaciones de los "drones" de gran altura (HALE) para fines civiles</subfield>
   </datafield>
</record></metadata></record></GetRecord></OAI-PMH>